Engineering Production Control Strategies A Guide to Tailor Strategies that Unite the Merits of Push and Pull /

Identifying and customizing suitable control strategies is a challenging task, especially when production systems have to cope with variable demands, forecast error, and unstable processes. The focus of this book lies on helping companies with complex and discrete production systems to tailor a prod...

Full description

Bibliographic Details
Main Author: Karrer, Christoph (Author)
Corporate Author: SpringerLink (Online service)
Format: Electronic eBook
Language:English
Published: Berlin, Heidelberg : Springer Berlin Heidelberg : Imprint: Springer, 2012.
Series:Management for Professionals,
Subjects:
Online Access:Full Text via HEAL-Link
LEADER 02349nam a22004695i 4500
001 978-3-642-24142-0
003 DE-He213
005 20151204150541.0
007 cr nn 008mamaa
008 120223s2012 gw | s |||| 0|eng d
020 |a 9783642241420  |9 978-3-642-24142-0 
024 7 |a 10.1007/978-3-642-24142-0  |2 doi 
040 |d GrThAP 
050 4 |a TS155-TS194 
072 7 |a KJMV5  |2 bicssc 
072 7 |a BUS087000  |2 bisacsh 
082 0 4 |a 658.5  |2 23 
100 1 |a Karrer, Christoph.  |e author. 
245 1 0 |a Engineering Production Control Strategies  |h [electronic resource] :  |b A Guide to Tailor Strategies that Unite the Merits of Push and Pull /  |c by Christoph Karrer. 
264 1 |a Berlin, Heidelberg :  |b Springer Berlin Heidelberg :  |b Imprint: Springer,  |c 2012. 
300 |a X, 178 p.  |b online resource. 
336 |a text  |b txt  |2 rdacontent 
337 |a computer  |b c  |2 rdamedia 
338 |a online resource  |b cr  |2 rdacarrier 
347 |a text file  |b PDF  |2 rda 
490 1 |a Management for Professionals,  |x 2192-8096 
520 |a Identifying and customizing suitable control strategies is a challenging task, especially when production systems have to cope with variable demands, forecast error, and unstable processes. The focus of this book lies on helping companies with complex and discrete production systems to tailor a production control strategy to their needs. Thereby, the mutual merits of “push” and “pull” systems are taken into account, leading to hybrid strategies. Consequently, the book addresses practitioners who are interested in looking behind the scenes and into the physics of production control. A real-life case study demonstrates the practical applicability of the presented framework. 
650 0 |a Business. 
650 0 |a Production management. 
650 0 |a Operations research. 
650 0 |a Decision making. 
650 1 4 |a Business and Management. 
650 2 4 |a Production. 
650 2 4 |a Operations Management. 
650 2 4 |a Operation Research/Decision Theory. 
710 2 |a SpringerLink (Online service) 
773 0 |t Springer eBooks 
776 0 8 |i Printed edition:  |z 9783642241413 
830 0 |a Management for Professionals,  |x 2192-8096 
856 4 0 |u http://dx.doi.org/10.1007/978-3-642-24142-0  |z Full Text via HEAL-Link 
912 |a ZDB-2-SBE 
950 |a Business and Economics (Springer-11643)